Maine MPA High Schools - Statistics

General Stats
  • This quiz has been taken 142 times
  • The average score is 39 of 139
Answer Stats
Region/Class School % Correct
Western A Portland
88%
Eastern A Bangor
80%
Western A South Portland
73%
Eastern A Edward Little
65%
Eastern A Lewiston
65%
Western A Deering
64%
Western A Biddeford
58%
Eastern A Brunswick
58%
Western A Falmouth
57%
Eastern B Presque Isle
57%
Western A Scarborough
55%
Western B York
55%
Western B Yarmouth
54%
Western A Gorham
51%
Eastern C Houlton
51%
Western A Kennebunk
51%
Eastern B Waterville
51%
Western A Windham
51%
Eastern B Caribou
50%
Eastern B Mt. Desert Island
50%
Eastern A Brewer
49%
Western B Freeport
49%
Western A Sanford
49%
Western A Thornton
49%
Western A Westbrook
49%
Western B Cape Elizabeth
47%
Eastern B Old Town
47%
Eastern C Orono
47%
Western A Bonny Eagle
46%
Eastern A Hampden
46%
Western B Wells
46%
Eastern A Skowhegan
45%
Eastern A Cony
43%
Western A Cheverus
42%
Eastern C Fort Kent
42%
Western B Lincoln
42%
Western C Old Orchard Beach
42%
Eastern B Belfast
41%
Western B Greely
41%
Eastern D Machias
39%
Eastern A Oxford Hills
39%
Eastern B Ellsworth
38%
Eastern B Camden Hills
36%
Western B Fryeburg
36%
Western B Lake Region
36%
Eastern C Calais
35%
Western A Marshwood
35%
Western B Poland
35%
Eastern B Winslow
35%
Western C Lisbon
32%
Western A Noble
31%
Eastern B Gardiner
30%
Western B Gray-New Gloucester
30%
Eastern C Madawaska
30%
Eastern A Messalonskee
30%
Eastern B Maine Central Institute
28%
Western A Massabesic
28%
Eastern D Southern Aroostook
28%
Western C Waynflete
28%
Western C Traip
27%
Eastern A Mt. Ararat
26%
Eastern A Mt. Blue
26%
Western C Telstar
26%
Eastern C Bucksport
24%
Eastern C Lee
24%
Western D North Yarmouth
24%
Western C Sacopee Valley
24%
Western C Boothbay
23%
Eastern B Hermon
23%
Eastern B John Bapst
23%
Eastern C Washington
23%
Eastern C Central
22%
Western C Hall-Dale
22%
Eastern A Lawrence
22%
Western B Morse
22%
Eastern B Nokomis
22%
Eastern D Bangor Christian
20%
Western D Gould
20%
Western D Vinalhaven
20%
Western B Leavitt
19%
Eastern B Oceanside
19%
Western D Rangeley
19%
Western C Winthrop
19%
Eastern D Central Aroostook
18%
Eastern C Dexter
18%
Eastern B Foxcroft
18%
Western D Greenville
18%
Western C Maranacook
18%
Western C Mountain Valley
18%
Western D Richmond
18%
Western D Searsport
18%
Eastern D Woodland
18%
Eastern D Katahdin
16%
Western C Madison
16%
Eastern B Mount View
16%
Western B Oak Hill
16%
Eastern D Penobscot Valley
16%
Western B Spruce Mountain
16%
Eastern D Stearns
16%
Western D Valley
16%
Western C Wiscasset
16%
Eastern D Deer Isle Stonington
15%
Western C Dirigo
15%
Eastern D Jonesport Beals
15%
Western C St. Dominic
15%
Eastern C Sumner
15%
Western C Carrabec
14%
Eastern D Fort Fairfield
14%
Western C Monmouth
14%
Eastern D Van Buren
14%
Western D Buckfield
12%
Eastern D Easton
12%
Western D Forest Hills
12%
Eastern C George Stevens
12%
Western D Hyde
12%
Eastern D Limestone
12%
Western D North Haven
12%
Western D Islesboro
11%
Eastern D Schenck
11%
Eastern D Shead
11%
Eastern D East Grand
9%
Eastern B Erskine
9%
Eastern B Medomak Valley
9%
Western C Mt. Abram
9%
Eastern C Narraguagus
9%
Eastern D Washburn
9%
Eastern D Wisdom
9%
Eastern D Hodgdon
8%
Eastern D Ashland
7%
Eastern C Mattanawcook
7%
Western D Pine Tree
7%
Western D Seacoast
7%
Western D Temple
7%
Western D Greater Portland Christian
5%
Eastern C PCHS
5%
Eastern C Penquis
5%
Eastern D Acadia Christian
3%
Eastern D Greater Houlton Christian
3%
Eastern D Highview Christian
3%
No matching quizzes found
Score Distribution
Percent of People with Each Score
Percentile by Number Answered
Your Score History
You have not taken this quiz